00384 2200157 4500001002100000005001500021035002000036245004100056100001900097300002600116260002800142082000800170084001400178020002200192990001200214INLIS00000000000312320251022013847 a0010-10250000271 aCinderella Journey /cShin Min Young0 aShin Min Young a240 hlm ;c13 x 19 cm aJakarta :bZettu,c2012 a813 a813 SHI c a978-602-7735-07-1 a0755910